Miejsca narodzin znanych Polaków #1 - Statystyki

Ogólne statystyki
  • Ten quiz został rozwiązany 3 884 razy
  • Średni wynik to 5 z 14
Statystyki odpowiedzi
Osoba Miejsce % Poprawnych
Jan Paweł II Wadowice
92%
Mikołaj Kopernik Toruń
90%
Robert Lewandowski Warszawa
86%
Robert Makłowicz Kraków
55%
Szymon Hołownia Białystok
37%
Zbigniew Boniek Bydgoszcz
35%
Mateusz Morawiecki Wrocław
32%
Roksana Węgiel Jasło
24%
Beata Szydło Oświęcim
15%
Maryla Rodowicz Zielona Góra
14%
Juliusz Słowacki Krzemieniec
9%
Andrzej Wajda Suwałki
9%
Zbigniew Stonoga Ozimek
8%
Zygmunt I Stary Kozienice
6%
Nie znaleziono quizów pasujących do podanych kryteriów
Rozkład punktacji
Procent ludzi z każdym wynikiem
Percentyl według liczby udzielonych odpowiedzi
Twoja historia wyników
Nie rozwiązałeś tego quizu